000
00300nam a22001337a 4500
008
170511b xxu||||| |||| 00| 0 eng d
020
_a
9780735578050
041
_a
eng
080
_2
6TH
_a
34
100
_a
15
101
_a
SHJ
245
_a
SECURITIES REGULATION
_c
LANGEVOORT, C.H
942
_2
udc
_c
BK
999
_c
13082
_d
13082